| 000 | 01341cam a2200349 a 4500 | ||
|---|---|---|---|
| 001 | 111157 | ||
| 005 | 20230410133043.0 | ||
| 008 | 040405s2005 maua b 001 0 eng | ||
| 035 | _a13547741 | ||
| 010 | _a 2004045911 | ||
| 020 | _a0072887648 (alk. paper) | ||
| 040 |
_aDLC _cDLC _dDLC |
||
| 050 | 1 | 4 |
_aBF 76.5 _bB728r 2005 |
| 082 | 0 | 0 | _a150.72 |
| 100 | 1 | _aBordens, Kenneth S. | |
| 245 | 1 | 0 |
_aResearch and design methods : _ba process approach / _cKenneth S. Bordens, Bruce B. Abbott. |
| 246 | 1 | 4 | _aResearch design and methods |
| 250 | _a6th ed. | ||
| 260 |
_aBoston : _bMcGraw-Hill, _cc2005. |
||
| 300 |
_a1 v. (various pagings) : _bill. (some col.) ; _c24 cm. |
||
| 500 | _aRev. ed. of: Research design and methods. c2002. | ||
| 504 | _aIncludes bibliographical references (p. R-1 to R-10) and indexes. | ||
| 650 | 0 |
_aPsychology _xResearch _vTextbooks. |
|
| 650 | 0 |
_aPsychology _xResearch _xMethodology _vTextbooks. |
|
| 650 | 4 |
_aPsicología _xInvestigación. |
|
| 650 | 4 |
_aPsicología _xMetodología. |
|
| 700 | 1 | _aAbbott, Bruce B. | |
| 700 | 1 |
_aBordens, Kenneth S. _tResearch design and methods. |
|
| 856 | 4 | 1 |
_3Table of contents only _uhttp://www.loc.gov/catdir/enhancements/fy0707/2004045911-t.html |
| 856 | 4 | 2 |
_3Publisher description _uhttp://www.loc.gov/catdir/enhancements/fy0707/2004045911-d.html |
| 942 |
_2lcc _cbk |
||
| 999 |
_c92489 _d92489 |
||